Statistics for Largest European Cities by Letter - Z

Click here to take the quiz!

General Stats

  • This quiz has been taken 48 times
  • The average score is 3 of 8

Answer Stats

Rank Population Country Hint City % Correct
1868'000CroatiaThe only capital which starts with this letterZagreb
100%
4400'000SwitzerlandFinancial centreZurich
98%
3601'000SpainBasilica of Our Lady of the PillarZaragoza
78%
2850'000UkraineKhortytsiaZaporozhye
12%
5297'000UkraineMykhailivska StreetZhytomyr
12%
6207'000RussiaSuburb of MoscowZelenograd
10%
7199'000PolandIn the greater Silesian metropolitan areaZabrze
10%
8198'000RussiaWeapon engravingZlatoust
7%

Score Distribution

Percentile by Number Answered

Percent of People with Each Score

Your Score History

You have not taken this quiz